Corporate governance and social responsiblity / (Record no. 70096)

MARC details
000 -LEADER
fixed length control field 00887nam a22002417a 4500
005 - DATE AND TIME OF LATEST TRANSACTION
control field 20120918140757.0
008 - FIXED-LENGTH DATA ELEMENTS--GENERAL INFORMATION
fixed length control field 120918t xxu||||| |||| 00| 0 eng d
010 ## - LCCN (DPL NO)
LC control number ENG-105888
020 ## - INTERNATIONAL STANDARD BOOK NUMBER
International Standard Book Number 9788176115872
Terms of availability 900.00
035 ## - SYSTEM CONTROL NUMBER
System control number EN-89421
037 ## - SOURCE OF ACQUISITION
Source of stock number/acquisition DBAD/PUB
040 ## - CATALOGING SOURCE
Original cataloging agency DPL
Language of cataloging English
082 ## - DEWEY DECIMAL CLASSIFICATION NUMBER
Classification number 658.408
100 ## - MAIN ENTRY--PERSONAL NAME
Personal name Jain, Arvind
9 (RLIN) 52431
245 ## - TITLE STATEMENT
Title Corporate governance and social responsiblity /
Statement of responsibility, etc by Arvind Jain [and] Nisha Jain
260 ## - PUBLICATION, DISTRIBUTION, ETC. (IMPRINT)
Place of publication, distribution, etc Jaipur
Name of publisher, distributor, etc RBSA Publishers
Date of publication, distribution, etc 2012
270 ## - ADDRESS
Address 340, Chaura Rasta
City Jaipur
Postal code 302003
300 ## - PHYSICAL DESCRIPTION
Extent ii, ii, 292p.
Dimensions 22cm(Hb)
500 ## - GENERAL NOTE
General note Includes bibliographical references
700 ## - ADDED ENTRY--PERSONAL NAME
Personal name Jain, Nisha
9 (RLIN) 52436
942 ## - ADDED ENTRY ELEMENTS (KOHA)
Source of classification or shelving scheme Dewey Decimal Classification
Item type English Books
Classification part 658.408
Call number suffix JAI
Holdings
Withdrawn status Lost status Source of classification or shelving scheme Damaged status Not for loan Collection code Home library Current library Date acquired Source of acquisition Cost, normal purchase price Total Checkouts Full call number Barcode Date last seen Copy number Cost, replacement price Koha item type
    Dewey Decimal Classification   Not For Loan Non-fiction D.B.Act.Division D.B.Act.Division 18/09/2012 DBAD / PUB 900.00   658.408 JAI EN-89421 18/09/2012 1 900.00 English Books

© Delhi Public Library
Hit Counter
free hit counter